| 000 | 03857cam a22006975a 4500 | ||
|---|---|---|---|
| 001 | L137700 | ||
| 008 | 080724s1997 xxkad f 001 0 eng d | ||
| 020 | _a0748406573 | ||
| 035 | _a(Sirsi) u137700 | ||
| 041 | 0 | _aeng | |
| 050 | 0 | 4 | _a526.9823 $2 18 |
| 100 | 1 | _aKemp, Zarine | |
| 245 | 0 | 0 |
_aInnovations in GIS 4 _bselected papers from the fourth national conference on GIS research UK (GISRUK) |
| 260 |
_aLondon _bTaylor & Francis _c1997 |
||
| 300 |
_axvii, 285p. _bill. _c25p. |
||
| 350 | _a35 | ||
| 505 | 2 | _aData modelling and spatial data structures: A multi-resolution data storage scheme for 3D GIS -- Storage-efficient techniques for representing digital terrain models -- Modelling historical change in southern Corsica: temporal GIS development using an extensible database system -- Towards a model for multimedia geographical information systems | |
| 505 | 2 | _aSpatial analysis: Recent advances in the exploratory analysis of interregional flows in space and time -- A genetic programming approach to building new spatial models relevant to GIS -- Exploring categorical spatial data: an interactive approach -- A universal translator of linguistic hedges for the handling of uncertainty and fitness-for-use in GIS | |
| 505 | 2 | _aEnvironmental modelling: Environmental modelling with geographical information systems -- VGIS: a GIS shell for the conceptual design of environmental models -- Mapping sub-pixel boundaries from remotely sensed images -- Towards a 4D GIS: four-dimensional interpolation utilizing kriging -- Assessing the influence of digital terrain model characteristics on tropical slope stability analysis | |
| 505 | 2 | _aGIS: science ethics and infrastructure: GIS without computers: building geographic information science from the ground up -- The ethics of six actors in the geographical information systems arena -- Geographic information: a resource, a commodity, an asset or an infrastructure? | |
| 505 | 2 | _aGIS: the impact of the Internet: Designing a scientific database query server using the world wide web: the example of Tephrabase -- Open spatial decision-making: evaluating the potential of the world wide web | |
| 520 | _aContains revised versions of a selected subset of papers presented at the fourth national conference on GIS research UK held at the University of Kent in April 1996. The papers chosen reflect the interdisciplinary nature of GIS research and its developing maturity. Volume concentrates on five main themes: data modelling and spatial data structures; spatial analysis; environmental modelling; science; ethics and infrastructure and the impact of the Internet. | ||
| 521 | _aAdvanced | ||
| 651 | 4 |
_aUnited Kingdom _y |
|
| 690 | _aENVIRONMENTAL AND LAND CONSULTANCY-GEOMATICS-MAPPING AND POSITIONING-CARTOGRAPHY | ||
| 700 | 1 | _aAlbrecht, Jochen | |
| 700 | 1 | _aAtkinson, Peter | |
| 700 | 1 | _aBagg, Janet | |
| 700 | 1 | _aBarr, Robert | |
| 700 | 1 | _aBivand, Roger | |
| 700 | 1 | _aBlake, Marcus | |
| 700 | 1 | _aBrimicombe, Allan | |
| 700 | 1 | _aBrunsdon, Chris | |
| 700 | 1 | _aBurrough, Peter A. | |
| 700 | 1 | _aCarver, Steve | |
| 700 | 1 | _aCouclelis, Helen | |
| 700 | 1 | _aDiplock, Gary | |
| 700 | 1 | _aDuke-Williams, Oliver | |
| 700 | 1 | _aFisher, Peter | |
| 700 | 1 | _aGittings, Bruce | |
| 700 | 1 | _aGou, Zaiyong | |
| 700 | 1 | _aHartshorne, Jim | |
| 700 | 1 | _aJones, Christopher B. | |
| 700 | 1 | _aJung, Stefan | |
| 700 | 1 | _aKidner, David | |
| 700 | 1 | _aLiu, Lin | |
| 700 | 1 | _aLombardo, Dean | |
| 700 | 1 | _aMann, Samuel | |
| 700 | 1 | _aMarble, Duane F. | |
| 700 | 1 | _aMasser, Ian | |
| 700 | 1 | _aMiller, Eric J. | |
| 700 | 1 | _aNewton, Anthony | |
| 700 | 1 | _aOpenshaw, Stan | |
| 700 | 1 | _aRyan, Nick | |
| 700 | 1 | _aSaunders, James | |
| 700 | 1 | _aSmith, Derek H. | |
| 700 | 1 | _aStuart, Neil | |
| 700 | 1 | _aTurton, Ian | |
| 700 | 1 | _aWare, J. Mark | |
| 942 | _n0 | ||
| 999 |
_c106876 _d106876 |
||